000 00558nam a2200157 4500
999 _c17019
_d17019
008 220526b ||||| |||| 00| 0 eng d
022 _a0117-3308
082 _aDPer 004.1105 C73 Sept 2010 - April 2011 v. 20 n. 3-9
100 _aFogarty, Kevin.
_945267
245 _aServer virtualization:
_b6 management myths/
_cKevin Fogarty.
260 _aPhilippines:
_bSchneider Electric,
_c©2010-2011.
300 _av20 n9, pages 40-41:
_bcolor illustrations;
_c27 cm.
500 _aComputer world.
650 _aManagement
_xVirtualization.
_945273
942 _2ddc
_cPER